000 00571nam a2200205Ia 4500
005 20250923145757.0
008 008 250917s9999 xx 000 0 eng d
037 _aTextual
040 _aDSWL
_beng
_cDSWL
041 _aeng
_2eng
084 _aS8, N87
_qDSWL
100 _aTurner, J.C.
_9838838
245 0 _aRediscovering the social group: A self categorization theory
_cby J.C.Turner
260 _aOxford
_bBasil Blackwell
_c1987
300 _ax,239p.
365 _aGBP
_b25
925 _g25
942 _cTEXL
_hS8, N87
999 _c1455546
_d1455546